[Event "Daireaux IRT 3rd"]
[Site "Daireaux"]
[Date "2019.07.07"]
[Round "3.3"]
[White "Rodriguez Lezcano, Matias"]
[Black "Pacho, Jano"]
[Result "0-1"]
[WhiteElo "2066"]
[BlackElo "2074"]
[PlyCount "76"]
[EventDate "2019.07.06"]
[EventType "swiss"]
[EventRounds "7"]
[EventCountry "ARG"]
[SourceTitle "EXT 2024"]
[Source "ChessBase"]
[SourceDate "2023.10.10"]
[SourceVersion "1"]
[SourceVersionDate "2023.10.10"]
[SourceQuality "1"]

1. e4 c5 2. Nf3 e6 3. d4 cxd4 4. Nxd4 Nf6 5. Nc3 Nc6 6. Be3 Bb4 7. Bd3 d5 8. Nxc6 bxc6 9. exd5 cxd5 10. 0-0 0-0 11. a3 Bxc3 12. bxc3 Qc7 13. Bg5 Ne4 14. Bxe4 dxe4 15. Qe2 Bb7 16. Rab1 Bd5 17. Rfc1 Qxc3 18. Be7 Rfc8 19. Bb4 Qc6 20. Qg4 a5 21. Bd2 Kh8 22. h4 Qa4 23. Qf4 f6 24. c4 e5 25. Qf5 Rxc4 26. Rxc4 Qxc4 27. Rc1 Qb3 28. Rc8+ Rxc8 29. Qxc8+ Bg8 30. Bxa5 Qxa3 31. Bd2 Qa1+ 32. Kh2 Qd1 33. Be3 Qh5 34. g3 Qf3 35. Qf8 h5 36. Qc8 Kh7 37. Qc1 Be6 38. Qc6 Bh3 0-1

[Event "Bolivar City IRT 1st"]
[Site "Bolivar"]
[Date "2019.06.15"]
[Round "2.8"]
[White "Huayhua, Carlos"]
[Black "Rodriguez Lezcano, Matias"]
[Result "0-1"]
[WhiteElo "1594"]
[BlackElo "2040"]
[PlyCount "60"]
[EventDate "2019.06.15"]
[EventType "swiss"]
[EventRounds "6"]
[EventCountry "ARG"]
[SourceTitle "EXT 2024"]
[Source "ChessBase"]
[SourceDate "2023.10.10"]
[SourceVersion "1"]
[SourceVersionDate "2023.10.10"]
[SourceQuality "1"]

1. e4 c5 2. Nf3 g6 3. d4 cxd4 4. Nxd4 Nc6 5. Nc3 Bg7 6. Nb3 Nf6 7. Be3 d6 8. Qd2 Be6 9. f3 Rc8 10. Be2 Ne5 11. Nd4 Bc4 12. b3 Bxe2 13. Ncxe2 d5 14. Bf4 Nc6 15. Nxc6 bxc6 16. Rd1 dxe4 17. Qxd8+ Rxd8 18. Rxd8+ Kxd8 19. Kf2 exf3 20. gxf3 Kc8 21. Be3 Rd8 22. c4 a5 23. Nd4 Kb7 24. Ke2 e5 25. Nc2 e4 26. Rg1 exf3+ 27. Kxf3 Nd7 28. Bd2 Ne5+ 29. Ke2 Rxd2+ 30. Kxd2 Nf3+ 0-1

[Event "Buenos Aires U2200 op"]
[Site "Buenos Aires"]
[Date "2018.04.20"]
[Round "2.5"]
[White "Rodriguez Lezcano, Matias"]
[Black "Heht, Matias"]
[Result "1-0"]
[WhiteElo "2025"]
[BlackElo "1819"]
[PlyCount "157"]
[EventDate "2018.04.20"]
[EventType "swiss"]
[EventRounds "7"]
[EventCountry "ARG"]
[SourceTitle "EXT 2024"]
[Source "ChessBase"]
[SourceDate "2023.10.10"]
[SourceVersion "1"]
[SourceVersionDate "2023.10.10"]
[SourceQuality "1"]

1. e4 e5 2. Nf3 Nf6 3. Nxe5 d6 4. Nc4 Nxe4 5. Nc3 Nxc3 6. dxc3 Be7 7. Be3 0-0 8. Bd3 Re8 9. Qf3 Nc6 10. 0-0-0 Be6 11. Kb1 Bxc4 12. Bxc4 Ne5 13. Qe2 Nxc4 14. Qxc4 a6 15. Rd3 Qd7 16. Rhd1 Bf6 17. Qd5 b5 18. Qb7 Qe7 19. Qc6 Red8 20. a3 Qd7 21. Qd5 Qe6 22. Qc6 Qd7 23. Qf3 Qe7 24. Bf4 a5 25. Qc6 Qd7 26. Qxd7 Rxd7 27. Rd5 Rb8 28. a4 bxa4 29. Ka2 a3 30. Kxa3 Ra8 31. Ka4 Re7 32. Be3 Re4+ 33. Kb3 Rb8+ 34. Ka3 a4 35. Ra5 Be7 36. Rd4 d5+ 37. Ka2 a3 38. b4 h6 39. Rxe4 dxe4 40. Kxa3 Bd6 41. g3 f6 42. Kb3 Kf7 43. Kc4 Ke6 44. h4 g5 45. hxg5 hxg5 46. Kd4 Be5+ 47. Kxe4 Bxc3 48. Ra6+ Kd7 49. Kd3 Be5 50. Bc5 Rd8 51. Ke4 Re8 52. Kd5 Bc3 53. Kc4 Be5 54. c3 g4 55. Kd3 Re6 56. Ra1 Re8 57. Ra6 Re6 58. b5 f5 59. c4 f4 60. gxf4 Bxf4 61. Rxe6 Kxe6 62. Ke4 Be5 63. Be3 g3 64. f4 Bd6 65. Bd4 Bb4 66. f5+ Kf7 67. c5 Ke7 68. Kf3 g2 69. Kxg2 Bxc5 70. Bxc5+ Kf6 71. Bd6 Kxf5 72. Bxc7 Ke6 73. b6 Kd7 74. Kf3 Kc6 75. Ke4 Kb7 76. Kd5 Ka8 77. Kc5 Kb7 78. Kb5 Ka8 79. Bd8 1-0

[Event "General La Madrid U2200 1st"]
[Site "General La Madrid"]
[Date "2017.11.04"]
[Round "4.4"]
[White "Rodriguez Lezcano, Matias"]
[Black "Zappettini, Gustavo"]
[Result "1-0"]
[WhiteElo "1995"]
[BlackElo "1682"]
[PlyCount "35"]
[EventDate "2017.11.03"]
[EventType "swiss"]
[EventRounds "7"]
[EventCountry "ARG"]
[SourceTitle "EXT 2024"]
[Source "ChessBase"]
[SourceDate "2023.10.10"]
[SourceVersion "1"]
[SourceVersionDate "2023.10.10"]
[SourceQuality "1"]

1. e4 c5 2. Nc3 e6 3. Nge2 Nc6 4. g3 g6 5. Bg2 Bg7 6. d3 a6 7. 0-0 Nge7 8. Bg5 b5 9. Qd2 b4 10. Nd5 0-0 11. Nxe7+ Nxe7 12. c3 Rb8 13. Rac1 f6 14. Be3 d6 15. cxb4 Rxb4 16. b3 Bb7 17. d4 Ba8 18. dxc5 1-0

[Event "Coronel Pringles U2200 2nd"]
[Site "Coronel Pringles"]
[Date "2017.09.09"]
[Round "3.3"]
[White "Rodriguez Lezcano, Matias"]
[Black "Lujan, Nelson"]
[Result "1/2-1/2"]
[WhiteElo "1980"]
[BlackElo "2046"]
[PlyCount "95"]
[EventDate "2017.09.08"]
[EventType "swiss"]
[EventRounds "7"]
[EventCountry "ARG"]
[SourceTitle "EXT 2024"]
[Source "ChessBase"]
[SourceDate "2023.10.10"]
[SourceVersion "1"]
[SourceVersionDate "2023.10.10"]
[SourceQuality "1"]

1. e4 e5 2. Nf3 Nc6 3. d4 exd4 4. Nxd4 Bc5 5. Nb3 Bb6 6. Nc3 d6 7. Qe2 Be6 8. Be3 Nf6 9. h3 Qe7 10. f3 Nh5 11. Qf2 Ng3 12. Qxg3 Bxe3 13. Bb5 0-0 14. Bxc6 bxc6 15. f4 Bb6 16. 0-0-0 Bxb3 17. cxb3 f5 18. Rhe1 fxe4 19. Rxe4 Qf7 20. Rf1 d5 21. Re2 Rae8 22. Qd3 Rxe2 23. Nxe2 Re8 24. Nd4 Qf6 25. Nc2 Re4 26. g3 Qe6 27. f5 Qh6+ 28. Kb1 Qxh3 29. f6 gxf6 30. Rxf6 Qh1+ 31. Rf1 Qg2 32. a3 Qe2 33. Qxe2 Rxe2 34. Nb4 Bd4 35. Nxc6 Bg7 36. Rf3 Bxb2 37. g4 Kg7 38. Nxa7 d4 39. Nc6 Bc3 40. Rd3 Rb2+ 41. Kc1 Rxb3 42. Nxd4 Bb2+ 43. Kc2 Rxd3 44. Kxd3 Kf6 45. a4 Ke5 46. Nb5 Kd5 47. Nxc7+ Kc6 48. Ne6 1/2-1/2

[Event "ARG-ch Amateur U2000"]
[Site "Torre Blanca"]
[Date "2016.12.10"]
[Round "6.10"]
[White "Rodriguez Lezcano, Matias"]
[Black "Rivero, Raul"]
[Result "0-1"]
[WhiteElo "1914"]
[BlackElo "1839"]
[PlyCount "78"]
[EventDate "2016.12.08"]
[EventType "swiss"]
[EventRounds "9"]
[EventCountry "ARG"]
[SourceTitle "EXT 2024"]
[Source "ChessBase"]
[SourceDate "2023.10.10"]
[SourceVersion "1"]
[SourceVersionDate "2023.10.10"]
[SourceQuality "1"]

1. e4 c5 2. Nf3 Nc6 3. c3 d6 4. Bd3 g6 5. Bc2 Bg7 6. d3 Nf6 7. h3 0-0 8. 0-0 b6 9. Nbd2 Ba6 10. Re1 Rc8 11. Nf1 Qc7 12. Ng3 Rfd8 13. Bf4 Nd7 14. Nh2 Nde5 15. Be3 b5 16. f4 Nd7 17. Rb1 b4 18. Ne2 bxc3 19. Nxc3 e6 20. Nf3 Nb4 21. a3 Nxc2 22. Qxc2 Nb8 23. Bf2 Nc6 24. Ne2 Nd4 25. Nexd4 cxd4 26. Qxc7 Rxc7 27. Red1 e5 28. b4 Bb5 29. Ne1 Rc3 30. Ra1 Ba4 31. Rdc1 Rdc8 32. Rxc3 dxc3 33. fxe5 c2 34. Be3 Bxe5 35. d4 Bxd4 36. Bxd4 c1Q 37. Rxc1 Rxc1 38. Kf2 a5 39. Bb2 Rc4 0-1

[Event "ARG-ch Amateur U2000"]
[Site "La Falda"]
[Date "2015.12.05"]
[Round "2.3"]
[White "Rodriguez Lezcano, Matias"]
[Black "Azcona, Juan"]
[Result "1/2-1/2"]
[WhiteElo "1847"]
[BlackElo "1968"]
[PlyCount "85"]
[EventDate "2015.12.05"]
[EventType "swiss"]
[EventRounds "9"]
[EventCountry "ARG"]
[SourceTitle "EXT 2024"]
[Source "ChessBase"]
[SourceDate "2023.10.10"]
[SourceVersion "1"]
[SourceVersionDate "2023.10.10"]
[SourceQuality "1"]

1. e4 c5 2. Nf3 Nc6 3. Nc3 g6 4. h4 h5 5. d4 cxd4 6. Nxd4 Bg7 7. Be3 Nf6 8. Be2 0-0 9. Qd2 d5 10. Nxc6 bxc6 11. 0-0-0 Qa5 12. e5 Ne4 13. Nxe4 Qxa2 14. Nc3 Qa1+ 15. Nb1 Bxe5 16. Bd4 Bxd4 17. Qxd4 Rb8 18. g4 c5 19. Qc3 d4 20. Qa3 Qxa3 21. Nxa3 Bxg4 22. Bxg4 hxg4 23. h5 Kg7 24. Rdg1 f5 25. h6+ Kf6 26. Re1 e5 27. Nc4 e4 28. Kd2 Rh8 29. Ra1 Rb7 30. Ra6+ Kg5 31. Rc6 Rxh6 32. Rxh6 Kxh6 33. b3 Kg5 34. Rxc5 Kf4 35. Rd5 Kf3 36. Ke1 e3 37. Rxd4 exf2+ 38. Kf1 Rc7 39. Rd3+ Kf4 40. Kxf2 Rh7 41. Kg2 Re7 42. Kf2 Rh7 43. Kg2 1/2-1/2